000 00298nam a22001217a 4500
008 181123b xxu||||| |||| 00| 0 eng d
041 _aeng
080 _a043.3
100 _a0
101 _aMTH-MBE
245 _aAudit Role in the Management of Public Money in Kosovo
_cHamiti,A
942 _2udc
_cBK
999 _c52443
_d52443